00388nam a2200097Ia 4500008004100000100002400041245012700065260006400192650001500256999001900271160725s9999 xx 000 0 und d aRamos, Antonette L. aSocio-demographic profile and emotional quotient of BS Psychology students of Southville International School and College. bKaizen Research Journal College of PsychologycJanuary 2014 aPSYCHOLOGY c298041d298041